| 000 | 01443nam a22003734a 4500 | ||
|---|---|---|---|
| 001 | ebr10158085 | ||
| 003 | CaPaEBR | ||
| 006 | m u | ||
| 007 | cr cn||||||||| | ||
| 008 | 051006s2006 nyu sb 001 0 eng | ||
| 010 | _z 2005043537 | ||
| 020 | _z1403972869 | ||
| 020 | _z9781403972866 | ||
| 040 |
_aCaPaEBR _cCaPaEBR |
||
| 035 | _a(OCoLC)133162986 | ||
| 043 |
_ae-xo--- _ae-ci--- |
||
| 050 | 1 | 4 |
_aJN2240.A58 _bF57 2006eb |
| 082 | 0 | 4 |
_a320.94373 _222 |
| 100 | 1 | _aFisher, Sharon. | |
| 245 | 1 | 0 |
_aPolitical change in post-Communist Slovakia and Croatia _h[electronic resource] : _bfrom nationalist to Europeanist / _cSharon Fisher. |
| 250 | _a1st ed. | ||
| 260 |
_aNew York : _bPalgrave Macmillan, _c2006. |
||
| 300 | _ax, 262 p. | ||
| 504 | _aIncludes bibliographical references (p. [243]-252) and index. | ||
| 533 |
_aElectronic reproduction. _bPalo Alto, Calif. : _cebrary, _d2013. _nAvailable via World Wide Web. _nAccess may be limited to ebrary affiliated libraries. |
||
| 650 | 0 |
_aNationalism _vCase studies. |
|
| 650 | 0 |
_aPost-communism _vCase studies. |
|
| 650 | 0 | _aComparative government. | |
| 651 | 0 |
_aSlovakia _xPolitics and government _y1993- |
|
| 651 | 0 |
_aCroatia _xPolitics and government _y1990- |
|
| 655 | 7 |
_aElectronic books. _2local |
|
| 710 | 2 | _aebrary, Inc. | |
| 856 | 4 | 0 |
_uhttp://site.ebrary.com/lib/rucke/Doc?id=10158085 _zAn electronic book accessible through the World Wide Web; click to view |
| 999 |
_c244668 _d244668 |
||